LEADER 01120nam a2200241 i 4500 001 991004117839707536 008 090126s1994 de b 000 0 ger d 035 $ab13804716-39ule_inst 040 $aDip.to Filologia Class. e Scienze Filosofiche$bita 245 03$a... Quaerentes Scientiam :$bfestgabe für Wolfhart Westendorf zu seinem 70. Geburtstag überreicht von seinen Schülern /$cherausgegeben von Heike Behlmer 260 $aGöttingen :$bSeminar fur Ägyptologie und Koptologie,$c1994 300 $a214 p. :$bill. ;$c25 cm 504 $aContiene riferimenti bibliografici 600 14$aWestendorf, Wolfhart$xStudi in onore 650 4$aLingua egiziana antica$xScrittura 700 1 $aBehlmer, Heike$eauthor$4http://id.loc.gov/vocabulary/relators/aut$0739553 700 1 $aWestendorf, Wolfhart 907 $a.b13804716$b02-04-14$c26-01-09 912 $a991004117839707536 945 $aLE007 00 WES 01.01$g1$i2007000069325$lle007$og$pE40.00$q-$rl$s- $t0$u0$v0$w0$x0$y.i1492139x$z26-01-09 996 $aQuaerentes Scientiam$91465015 997 $aUNISALENTO 998 $ale007$b26-01-09$cm$da $e-$fger$gde $h3$i0 LEADER 05291nam 22006494a 450 001 9910784231703321 005 20230617004749.0 010 $a1-280-19832-X 010 $a9786610198320 010 $a0-470-79836-X 010 $a0-470-75525-3 010 $a1-4051-4607-9 035 $a(CKB)1000000000342064 035 $a(EBL)233081 035 $a(OCoLC)437147401 035 $a(SSID)ssj0000160075 035 $a(PQKBManifestationID)11183349 035 $a(PQKBTitleCode)TC0000160075 035 $a(PQKBWorkID)10182549 035 $a(PQKB)10709460 035 $a(MiAaPQ)EBC233081 035 $a(Au-PeEL)EBL233081 035 $a(CaPaEBR)ebr10243497 035 $a(CaONFJC)MIL19832 035 $a(EXLCZ)991000000000342064 100 $a20030602d2003 uy 0 101 0 $aeng 135 $aur|n|---||||| 181 $ctxt 182 $cc 183 $acr 200 10$aFungal infection$b[electronic resource] $ediagnosis and management /$fMalcolm D. Richardson, David W. Warnock 205 $a3rd ed. 210 $aMalden, Mass. $cBlackwell$d2003 215 $a1 online resource (394 p.) 300 $aDescription based upon print version of record. 311 $a1-4051-1578-5 320 $aIncludes bibliographical references and index. 327 $a""Fungal Infection: Diagnosis and Management""; ""Contents""; ""Preface to the third edition""; ""Preface to the first edition""; ""Acknowledgements""; ""1 Introduction""; ""1.1 The nature of fungi""; ""1.2 Classification and nomenclature of fungi and fungal diseases""; ""1.3 Fungi as human pathogens""; ""1.3.1 The superficial mycoses""; ""1.3.2 The subcutaneous mycoses""; ""1.3.3 The systemic mycoses""; ""1.4 The changing pattern of fungal infection""; ""1.5 New directions in diagnosis""; ""1.6 New directions in treatment and prevention""; ""2 Laboratory diagnosis of fungal infection"" 327 $a""2.1 Introduction""""2.2 Collection of specimens""; ""2.2.1 Skin, nails and hair""; ""2.2.2 Mucous membranes""; ""2.2.3 Ear""; ""2.2.4 Eye""; ""2.2.5 Blood""; ""2.2.6 Cerebrospinal fluid""; ""2.2.7 Urine""; ""2.2.8 Other fluids""; ""2.2.9 Lower respiratory tract specimens""; ""2.2.10 Pus""; ""2.2.11 Bone marrow""; ""2.2.12 Tissue""; ""2.3 Specimens for serological tests""; ""2.4 Specimens for antifungal drug level determinations""; ""2.5 Transport of specimens""; ""2.6 Interpretation of laboratory test result""; ""2.6.1 Direct microscopic examination"" 327 $a""2.6.2 Histopathological examination""""2.6.3 Culture""; ""2.6.4 Serological tests""; ""2.7 Molecular diagnosis of fungal infection""; ""3 Antifungal drugs""; ""3.1 Introduction""; ""3.2 Amphotericin B""; ""3.2.1 Mechanism of action""; ""3.2.2 Spectrum of action""; ""3.2.3 Acquired resistance""; ""3.2.4 Pharmacokinetics""; ""3.2.5 Pharmaceutics""; ""3.2.6 Therapeutic use""; ""3.2.7 Mode of administration""; ""3.2.8 Adverse reactions,""; ""3.2.9 Drug interactions""; ""3.3 Other polyene compounds for topical administration""; ""3.3.1 Natamycin""; ""3.3.2 Nystatin""; ""3.4 Fluconazole"" 327 $a""3.4.1 Mechanism of action""""3.4.2 Spectrum of action""; ""3.4.3 Acquired resistance""; ""3.4.4 Pharmacokinetics""; ""3.4.5 Pharmaceutics""; ""3.4.6 Therapeutic use""; ""3.4.7 Mode of administration""; ""3.4.8 Adverse reactions""; ""3.4.9 Drug interactions""; ""3.5 Itraconazole""; ""3.5.1 Mechanism of action""; ""3.5.2 Spectrum of action""; ""3.5.3 Acquired resistance""; ""3.5.4 Pharmacokinetics""; ""3.5.5 Pharmaceutics""; ""3.5.6 Therapeutic use""; ""3.5.7 Mode of administration""; ""3.5.8 Adverse reactions""; ""3.5.9 Drug interactions""; ""3.6 Ketoconazole""; ""3.6.1 Mechanism of action"" 327 $a""3.6.2 Spectrum of action""""3.6.3 Acquired resistance""; ""3.6.4 Pharmacokinetics""; ""3.6.5 Pharmaceutics""; ""3.6.6 Therapeutic use""; ""3.6.7 Mode of administration""; ""3.6.8 Adverse reactions""; ""3.6.9 Drug interactions""; ""3.7 Voriconazole""; ""3.7.1 Mechanism of action""; ""3.7.2 Spectrum of action""; ""3.7.3 Acquired resistance""; ""3.7.4 Pharmacokinetics""; ""3.7.5 Pharmaceutics""; ""3.7.6 Therapeutic use""; ""3.7.7 Mode of administration""; ""3.7.8 Adverse reactions""; ""3.7.9 Drug interactions""; ""3.8 Other imidazole compounds for topical administration""; ""3.8.1 Bifonazole"" 327 $a""3.8.2 Butoconazole"" 330 $aConcise, up-to-date guide to the clinical manifestations, laboratory diagnosis and management of superficial, subcutaneous and systemic fungal infections ""I would recommend this book to all microbiologists and clinicians regularly dealing with patients suffering from fungal infections."" Journal of Medical Microbiology WHY BUY THIS BOOK? Thorough update of significant developments in the diagnosis and management of fungal infections Up-to-date drug and dosage recommendations updated in line with current guidelines New feature: epidemiology and prevention section in each chapter plu 606 $aMycoses 615 0$aMycoses. 676 $a616.9/69 700 $aRichardson$b M. D$0860654 701 $aWarnock$b D. W$0864389 801 0$bMiAaPQ 801 1$bMiAaPQ 801 2$bMiAaPQ 906 $aBOOK 912 $a9910784231703321 996 $aFungal infection$91929353 997 $aUNINA LEADER 04287nam 2200685Ia 450 001 9910139966803321 005 20230721023418.0 010 $a1-4443-5765-4 010 $a1-283-20464-9 010 $a9786613204646 010 $a1-4443-0798-3 010 $a1-4443-0799-1 035 $a(CKB)1000000000822216 035 $a(EBL)470210 035 $a(SSID)ssj0000333800 035 $a(PQKBManifestationID)11297159 035 $a(PQKBTitleCode)TC0000333800 035 $a(PQKBWorkID)10377794 035 $a(PQKB)11747796 035 $a(Au-PeEL)EBL470210 035 $a(CaPaEBR)ebr10355302 035 $a(CaONFJC)MIL320464 035 $a(Au-PeEL)EBL4041863 035 $a(CaPaEBR)ebr11114621 035 $a(OCoLC)476311789 035 $a(MiAaPQ)EBC470210 035 $a(EXLCZ)991000000000822216 100 $a20090225d2009 uy 0 101 0 $aeng 135 $auruz|---auuuu 181 $ctxt$2rdacontent 182 $cc$2rdamedia 183 $acr$2rdacarrier 200 00$a50 voices of disbelief$b[electronic resource] $ewhy we are atheists /$fedited by Russell Blackford and Udo Schu?klenk 205 $a1st ed. 210 $aMalden, MA $cWiley-Blackwell$dc2009 215 $a1 online resource (358 pages) 300 $aDescription based upon print version of record. 311 $a1-4051-9046-9 311 $a1-4051-9045-0 320 $aIncludes bibliographical references and index. 327 $a50 Voices of Disbelief; Contents; Acknowledgments; Introduction: Now More Important than Ever - Voices of Reason; Unbelievable!; My ""Bye Bull"" Story; How Benevolent Is God? An Argumentfrom Suffering to Atheism; A Deal-Breaker; Why Am I a Nonbeliever? - I Wonder . . .; Wicked or Dead? Reflections on the Moral Character and Existential Status of God; Religious Belief and Self-Deception; The Coming of Disbelief; What I Believe; Too Good to Be True, Too Obscure to Explain: The Cognitive Shortcomings of Belief in God; How to Think About God: Theism, Atheism, and Science 327 $aA Magician Looks at ReligionConfessions of a Kindergarten Leper; Beyond Disbelief; An Ambivalent Nonbelief; Why Not?; Godless Cosmology; Unanswered Prayers; Beyond Faith and Opinion; Could It Be Pretty Obvious There's No God?; Atheist, Obviously; Why I am Not a Believer; Evil and Me; Who's Unhappy?; Reasons to be Faithless; Three Stages of Disbelief; Born Again, Briefly; Cold Comfort; The Accidental Exorcist; Atheist Out of the Foxhole; The Unconditional Love of Reality; Antinomies; Giving Up Ghosts and Gods; Some Thoughts on Why I Am an Atheist; No Gods, Please! 327 $aWelcome Me Back to the World of the ThinkingKicking Religion Goodbye . . .; On Credenda; ""Not Even Start to Ignore Those Questions!" A Voice of Disbelief in a Different Key; Imagine No Religion; Humanism as Religion: An Indian Alternative; Why I Am NOT a Theist; When the Hezbollah Came to My School; Evolutionary Noise, not Signal from Above; Gods Inside; Why Morality Doesn't Need Religion; Doctor Who and the Legacy of Rationalism; My Nonreligious Life: A Journey From Superstition to Rationalism; Helping People to Think Critically About Their Religious Beliefs 327 $aHuman Self-Determination, Biomedical Progress, and GodAbout the Contributors; Index 330 $a50 Voices of Disbelief: Why We Are Atheists presents a collection of original essays drawn from an international group of prominent voices in the fields of academia, science, literature, media and politics who offer carefully considered statements of why they are atheists. Features a truly international cast of contributors, ranging from public intellectuals such as Peter Singer, Susan Blackmore, and A.C. Grayling, novelists, such as Joe Haldeman, and heavyweight philosophers of religion, including Graham Oppy and Michael TooleyContributions range from rigorous philosophical 606 $aAtheists 606 $aAtheism 615 0$aAtheists. 615 0$aAtheism. 676 $a211.8 701 $aBlackford$b Russell$f1954-$0888959 701 $aSchu?klenk$b Udo$0888960 801 0$bMiAaPQ 801 1$bMiAaPQ 801 2$bMiAaPQ 906 $aBOOK 912 $a9910139966803321 996 $a50 voices of disbelief$91985717 997 $aUNINA